<?xml version="1.0" encoding="UTF-8"?>
<record
    xmlns:xsi="http://www.w3.org/2001/XMLSchema-instance"
    xsi:schemaLocation="http://www.loc.gov/MARC21/slim http://www.loc.gov/standards/marcxml/schema/MARC21slim.xsd"
    xmlns="http://www.loc.gov/MARC21/slim">

  <leader>03798nam a2200553Ia 4500</leader>
  <controlfield tag="001">2716</controlfield>
  <controlfield tag="008">241029s9999    xx            000 0 und d</controlfield>
  <datafield tag="010" ind1=" " ind2=" ">
    <subfield code="a">2548</subfield>
  </datafield>
  <datafield tag="041" ind1=" " ind2=" ">
    <subfield code="a">Espa&#xF1;ol</subfield>
  </datafield>
  <datafield tag="082" ind1=" " ind2=" ">
    <subfield code="a">MGC,6-2006</subfield>
  </datafield>
  <datafield tag="245" ind1=" " ind2="0">
    <subfield code="a">La Formaci&#xF3;n Integral Humana y Religiosa y su Incidencia en la Formaci&#xF3;n en Valores de los estudiantes del Primer Grado del Segundo Ciclo de Media del Centro Educativo Jose Dubeau, del Distrito Educativo 11-02 de Puerto Plata, durante el Per&#xED;odo 2005-2006</subfield>
  </datafield>
  <datafield tag="260" ind1=" " ind2=" ">
    <subfield code="a">Puerto Plata</subfield>
  </datafield>
  <datafield tag="300" ind1=" " ind2=" ">
    <subfield code="a">97</subfield>
  </datafield>
  <datafield tag="520" ind1=" " ind2=" ">
    <subfield code="a">31</subfield>
  </datafield>
  <datafield tag="630" ind1=" " ind2=" ">
    <subfield code="a">Ense&#xF1;anza</subfield>
  </datafield>
  <datafield tag="630" ind1=" " ind2=" ">
    <subfield code="a">Formaci&#xF3;n</subfield>
  </datafield>
  <datafield tag="630" ind1=" " ind2=" ">
    <subfield code="a">Incidencia</subfield>
  </datafield>
  <datafield tag="650" ind1=" " ind2=" ">
    <subfield code="a">Gesti&#xF3;n Educativa</subfield>
  </datafield>
  <datafield tag="690" ind1=" " ind2=" ">
    <subfield code="a">Elaborado</subfield>
  </datafield>
  <datafield tag="700" ind1=" " ind2=" ">
    <subfield code="e">asesor</subfield>
    <subfield code="a">Hern&#xE1;ndez , &#xC3;&#x81;ngel </subfield>
  </datafield>
  <datafield tag="700" ind1=" " ind2=" ">
    <subfield code="e">autor</subfield>
    <subfield code="a">Pe&#xF1;a, Doris Gloria</subfield>
  </datafield>
  <datafield tag="700" ind1=" " ind2=" ">
    <subfield code="e">autor</subfield>
    <subfield code="a">Polanco Peralta, Delfina</subfield>
  </datafield>
  <datafield tag="901" ind1=" " ind2=" ">
    <subfield code="a">{"1":"Pe&#xF1;a","2":"Polanco Peralta"}</subfield>
    <subfield code="b">{"1":"Doris Gloria","2":"Delfina"}</subfield>
  </datafield>
  <datafield tag="902" ind1=" " ind2=" ">
    <subfield code="a">1</subfield>
  </datafield>
  <datafield tag="903" ind1=" " ind2=" ">
    <subfield code="a">{"1":"Hern&#xE1;ndez "}</subfield>
    <subfield code="b">{"1":"&#xC3;&#x81;ngel "}</subfield>
  </datafield>
  <datafield tag="904" ind1=" " ind2=" ">
    <subfield code="a">Mag&#xED;ster en</subfield>
  </datafield>
  <datafield tag="905" ind1=" " ind2=" ">
    <subfield code="a">Gesti&#xF3;n de Centros Educativos</subfield>
  </datafield>
  <datafield tag="906" ind1=" " ind2=" ">
    <subfield code="a">2</subfield>
  </datafield>
  <datafield tag="907" ind1=" " ind2=" ">
    <subfield code="a">NO APLICA</subfield>
  </datafield>
  <datafield tag="908" ind1=" " ind2=" ">
    <subfield code="a">NO APLICA</subfield>
  </datafield>
  <datafield tag="909" ind1=" " ind2=" ">
    <subfield code="a">Universidad Abierta para Adultos (UAPA), Recinto Santiago</subfield>
  </datafield>
  <datafield tag="910" ind1=" " ind2=" ">
    <subfield code="a">NULL</subfield>
    <subfield code="b">NULL</subfield>
  </datafield>
  <datafield tag="911" ind1=" " ind2=" ">
    <subfield code="a">["1"]</subfield>
  </datafield>
  <datafield tag="912" ind1=" " ind2=" ">
    <subfield code="a">NO APLICA</subfield>
  </datafield>
  <datafield tag="913" ind1=" " ind2=" ">
    <subfield code="a">NULL</subfield>
  </datafield>
  <datafield tag="914" ind1=" " ind2=" ">
    <subfield code="a">01 de Agosto de 2006</subfield>
  </datafield>
  <datafield tag="915" ind1=" " ind2=" ">
    <subfield code="a">NULL</subfield>
  </datafield>
  <datafield tag="916" ind1=" " ind2=" ">
    <subfield code="a">NULL</subfield>
  </datafield>
  <datafield tag="917" ind1=" " ind2=" ">
    <subfield code="a">NULL</subfield>
  </datafield>
  <datafield tag="918" ind1=" " ind2=" ">
    <subfield code="a">NO APLICA</subfield>
  </datafield>
  <datafield tag="919" ind1=" " ind2=" ">
    <subfield code="a">["202","200","209"]</subfield>
  </datafield>
  <datafield tag="520" ind1=" " ind2=" ">
    <subfield code="a">La investigaci&#xF3;n consisti&#xF3; en determinar la relaci&#xF3;n entre el comportamiento de los estudiantes del primer grado del segundo ciclo de Media y la ense&#xF1;anza de los valores en el Centro Educativo Jos&#xE9; Dubeau.La metodolog&#xED;a aplicada es de dise&#xF1;o descriptivo, bibliogr&#xE1;fico o documental, de campo y correlacional. La investigaci&#xF3;n es de car&#xE1;cter bibliogr&#xE1;fico o documental, porque se bas&#xF3; en datos obtenidos en numerosas fuentes como: libros, revistas, folletos. La poblaci&#xF3;n en la que se realiz&#xF3; este estudio est&#xE1; conformada por 1 directora, 7 profesores y 274 estudiantes, de la cual se elegir&#xE1; la directora y los profesores, por ser una poblaci&#xF3;n peque&#xF1;a y una muestra de 101 de los estudiantes.Se utiliz&#xF3; una poblaci&#xF3;n de 7 maestras que imparten Formaci&#xF3;n Integral, Humana y Religiosa en el Centro Educativo Jos&#xE9; Dubeau. La muestra estudiantil que se manej&#xF3; fue de 101 estudiantes lo que representa el 37% de la poblaci&#xF3;n, con un error muestral (e) de 5%, con un nivel de confianza (z) de un 95% y una probabilidad de ocurrencia y no ocurrencia (pq) de un 50% respectivamente.Los resultados indican que en relaci&#xF3;n a la variable Formaci&#xF3;n Integral, Humana y Religiosa y su incidencia en la formaci&#xF3;n en valores, se comprueba que la formaci&#xF3;n en valores de los estudiantes del primer grado del segundo ciclo de Media del Centro Educativo Jos&#xE9; Dubeau es directamente proporcional a la FIHR que los estudiantes han recibido, esto se evidencia en las respuestas a las diferentes alternativas.Un 57% de los estudiantes demuestran internalizar, practicar y dar importancia a los valores asimilados, observando &#xE9;stos un buen comportamiento, mientras un 29% dice conocer los valores pero practican algunos y el 14% no los conocen ni los toman en cuenta en sus decisiones, siendo su comportamiento inadecuado, lo que indica que la FIHR incide en la formaci&#xF3;n en valores de los estudiantes de manera significativa. Se recomienda a&#xF1;adir por lo menos una hora m&#xE1;s a la FIHR, ya que una hora es insuficiente para influir en la formaci&#xF3;n de un individuo y para transformar conductas. Que se le otorgue la importancia que tiene en la contribuci&#xF3;n de formar al hombre como ser humano.</subfield>
  </datafield>
  <datafield tag="921" ind1=" " ind2=" ">
    <subfield code="a">11</subfield>
  </datafield>
  <datafield tag="922" ind1=" " ind2=" ">
    <subfield code="a">11</subfield>
  </datafield>
  <datafield tag="923" ind1=" " ind2=" ">
    <subfield code="a">0</subfield>
  </datafield>
  <datafield tag="924" ind1=" " ind2=" ">
    <subfield code="a">NO APLICA</subfield>
  </datafield>
  <datafield tag="942" ind1=" " ind2=" ">
    <subfield code="c">Tesis</subfield>
  </datafield>
  <datafield tag="999" ind1=" " ind2=" ">
    <subfield code="c">2548</subfield>
    <subfield code="d">2548</subfield>
  </datafield>
</record>
